El linyera [juego] /
Guardado en:
| Formato: | Objeto Físico |
|---|---|
| Publicado: |
Argentina :
Estanciero,
[199?]
|
| Materias: | |
| Etiquetas: |
Agregar Etiqueta
Sin Etiquetas, Sea el primero en etiquetar este registro!
|
| LEADER | 00678nrm a22001575g 4500 | ||
|---|---|---|---|
| 001 | CEM.cems019423 | ||
| 008 | 130507b199?##################0###0#####d | ||
| 005 | 20220830181008.0 | ||
| 245 | 0 | 0 | |a El linyera [juego] / |c Estanciero |
| 260 | |a Argentina : |b Estanciero, |c [199?] | ||
| 300 | |a 1 juego (1 tablero, 1 dado, 4 fichas-animales, 12 tarjetas oficio, 44 billetes) ; en caja 20 x 38 x 4 cm. + instrucciones | ||
| 500 | |a Para 2 a 4 jugadores a partir de 10 años objetivo: hacer frente a los pagos sin quedarse sin dinero. | ||
| 082 | 0 | 4 | |a J793.9 |
| 653 | |a 1. juegos de negocios y finanzas | ||
| 653 | |a 2. juegos de manejo de dinero | ||
| 859 | |a CEMS |b BIB. CEMS - Ludoteca |h J793.9 |i Es83 |p 177.99 |t Ej.1 | ||
